000 00520nam a22001697a 4500
005 20251108173718.0
008 250721s2006 xx 000 0 ara d
082 1 4 _a818.02/أيو
100 1 _aأيوب، محفوظ
245 1 0 _aحكمة الحياة أو قواعد فلسفة الحياة /
264 1 _aدمشق :
_bدار كيوان للطباعة و النشر و التوزيع،
_c2006.
300 _a233ص.
650 1 7 _aالحكمه
650 1 7 _aالثقافه
942 _2ddc
_cBK
999 _c110592
_d110592